| 000 | 00746nam a2200241Ia 4500 | ||
|---|---|---|---|
| 003 | OSt | ||
| 005 | 20230718134932.0 | ||
| 008 | 210716s2004 xx 000 0 und d | ||
| 020 | _a0074635883 | ||
| 040 | _cAIMIT LIBRARY | ||
| 041 | _aeng | ||
| 082 |
_a339 _21 _bDWID |
||
| 100 |
_aDwivedi, D N. _9127574 |
||
| 245 |
_aMacroeconomics : _btheory and policy / _cBy D N Dwivedi. |
||
| 250 | _a1st ed. | ||
| 260 |
_aNew Delhi : _bTata Mc Graw Hill Publishing Company , _c2004. |
||
| 300 |
_axv,543p. ; _bPB _c22.3 cm. |
||
| 650 |
_aEconomics _9127575 |
||
| 651 |
_aDetermination of national income _9127576 |
||
| 651 |
_aConsumption and investment _9127577 |
||
| 651 |
_aTheory of money and interest _9127578 |
||
| 942 |
_2ddc _cBK _e1st _k339 DWID |
||
| 999 |
_c197887 _d197887 |
||